ITSM : (Record no. 343467)

000 -LEADER
fixed length control field 01636 a2200217 4500
020 ## - INTERNATIONAL STANDARD BOOK NUMBER
International Standard Book Number 038714210X
020 ## - INTERNATIONAL STANDARD BOOK NUMBER
International Standard Book Number 9780387142104
082 04 - DEWEY DECIMAL CLASSIFICATION NUMBER
Classification number 519.550285
090 ## - LOCALLY ASSIGNED LC-TYPE CALL NUMBER (OCLC); LOCAL CALL NUMBER (RLIN)
-- 923
-- 923
100 1# - MAIN ENTRY--PERSONAL NAME
Personal name Brockwell, Peter J.
245 10 - TITLE STATEMENT
Title ITSM :
Remainder of title an interactive time series modelling package for the sparc workstation /
Statement of responsibility, etc. Peter J. Brockwell.
250 ## - EDITION STATEMENT
Edition statement 1st ed.
260 ## - PUBLICATION, DISTRIBUTION, ETC.
Place of publication, distribution, etc. [S.l.] :
Name of publisher, distributor, etc. Springer,
Date of publication, distribution, etc. 1992.
300 ## - PHYSICAL DESCRIPTION
Extent 16 p.
500 ## - GENERAL NOTE
General note Diskette.
520 ## - SUMMARY, ETC.
Summary, etc. This book and software package is designed for the analysis of linear time series and the practical modelling and prediction of data collected sequentially in time. It is intended as a supplement to the text, Time Series: Theory and Methods , Second Edition also by Peter Brockwell and Richard Davis. It can also be used in conjunction with most undergraduate and graduate texts in time series analysis. Researchers across a wide range of disciplines such as statistics, business and economics, engineering, and the natural and social sciences will find that this makes an ideal desktop companion to their analysis of time series data. This version is designed to be run on Sun SPARC workstations and comes with the Sun graphics package GKTM. Distinctive features of the package include an easy to use menu system and it is designed to be accessible to those with little or no previous experience in time series analysis.
700 1# - ADDED ENTRY--PERSONAL NAME
Personal name Davis, Richard A.
856 40 - ELECTRONIC LOCATION AND ACCESS
Materials specified Amazon.com
Uniform Resource Identifier <a href="http://www.amazon.com/exec/obidos/ASIN/038714210X/chopaconline-20">http://www.amazon.com/exec/obidos/ASIN/038714210X/chopaconline-20</a>
856 40 - ELECTRONIC LOCATION AND ACCESS
Materials specified Amazon customer reviews
Uniform Resource Identifier <a href="http://www.chopac.org/cgi-bin/tools/azrev.pl?q=038714210X">http://www.chopac.org/cgi-bin/tools/azrev.pl?q=038714210X</a>
942 ## - ADDED ENTRY ELEMENTS (KOHA)
Institution code [OBSOLETE] NBS
Koha item type Book
Call number prefix 519.550285
Holdings
Withdrawn status Lost status Damaged status Not for loan Permanent Location Current Location Date acquired Total Checkouts Full call number Barcode Date last seen Date last checked out Price effective from Koha item type Public note
  Write Off     Central Library (CL) Central Library (CL) 08/28/2013 1 519.550285 NBS8127 07/06/2015 07/06/2015 08/28/2013 Book No. 0908/NBS/IRC Dated: 12 June, 2012
© 2023 Central Library, National University of Sciences and Technology. All Rights Reserved.